| 000 | 01936nam0a2200385 4500 | ||
|---|---|---|---|
| 001 | RU\NLR\bibl\1299230 | ||
| 005 | 20260406044449.0 | ||
| 010 |
_a978-5-16-003451-5 _93000 |
||
| 021 |
_aRU _b2008-75686 _94363 |
||
| 035 | _a(NLR Aleph) 001284829 | ||
| 090 |
_a522050 _c522050 |
||
| 100 | _a20081127d2009 |||y0rusy50 ca | ||
| 101 | 0 | _arus | |
| 102 | _aRU | ||
| 105 | _aa ||||||||| | ||
| 200 | 1 |
_aУправленческий учет _eучебник _eдля студентов высших учебных заведений, обучающихся по экономическим специальностям и направлениям _f[проф. А.Д. Шеремет, доц. И.М. Волков, проф. М.В. Грачева и др.] _gпод ред. засл. проф. МГУ А.Д. Шеремета |
|
| 205 | _a4-е изд. | ||
| 210 |
_aМосква _cИНФРА-М _d2009 [т.е. 2008] |
||
| 215 |
_a427, [1] с. _cил. _d22 |
||
| 225 | 1 | _aВысшее образование | |
| 300 | _aАвт. указаны на 6-й с. | ||
| 300 | _aКн. фактически изд. в 2008 г. | ||
| 320 | _aБиблиогр.: с. 421-423 | ||
| 606 | 0 |
_aУправленческий учет _jУчебники для высших учебных заведений _yРоссийская Федерация _92240050 _3RU\NLR\auth\661344190 |
|
| 675 |
_a657.1(075.8) _v3 _zrus |
||
| 686 | _aУ052.9(2)2я73 | ||
| 701 | 1 |
_4070 _8rus _7ca _aШеремет _bА. Д. _f1929- _gАнатолий Данилович _3RU\NLR\auth\774323 _9114304 |
|
| 701 | 1 |
_4070 _8rus _7ca _aВолков _bИ. М. _cканд. экон. наук _gИгорь Михайлович _3RU\NLR\auth\7775928 _958856 |
|
| 701 | 1 |
_aГрачева _bМ. В. _pМарина Владимировна _4070 |
|
| 701 | 1 |
_aГрачева _bМ. В. _4070 |
|
| 801 | 0 |
_aRU _bNLR _c20081127 _gRCR |
|
| 801 | 1 |
_aRU _bNLR _c20081127 |
|
| 942 | _cBOOK | ||
| 980 | _aNB | ||